00489 a2200169 450000100060000002000150000604000220002110000220004324000420006524500370010730000080014436200090015265000220016194200070018395201120019099900170030263941 a8508094353 cAnchieta - Pituba aCarvalho, Marlene10aGuia prático do alfabetizador lpor10aGuia prático do alfabetizador  a1040 a2005 4aAlfabetização cBK 00104070a91.1b91.1d2023-11-21l0o372.41 C331g CAR GUIp17545/PITr2023-11-21 18:32:22w2023-11-21yBK c63941d63941